Cómo implementar la estrategia
Gespeichert in:
| 1. Verfasser: | |
|---|---|
| Körperschaften: | , |
| Format: | Buch |
| Sprache: | Spanisch |
| Veröffentlicht: |
Madrid
Instituto de Empresa
1983
|
| Schlagworte: | |
| Tags: |
Tag hinzufügen
Keine Tags, Fügen Sie den ersten Tag hinzu!
|
MARC
| LEADER | 00000nam a2200000 a 4500 | ||
|---|---|---|---|
| 001 | UCR9248 | ||
| 003 | CL-VaPUC | ||
| 008 | 980613e19830000SP |||||||||||||||||spa|d | ||
| 082 | 0 | 4 | |a 658.403 |b STO |2 21 |
| 100 | 0 | |a Stonich, Paul J |e author |9 411550 | |
| 110 | 2 | |a MAC |e author |9 411551 | |
| 710 | 2 | |a Management Analysis Center |e author |9 411552 | |
| 245 | 1 | 0 | |a Cómo implementar la estrategia |
| 300 | |a 187 p | ||
| 942 | |c BK | ||
| 945 | |d 19980613 00:00:00 |a cmena | ||
| 260 | |a Madrid |b Instituto de Empresa |c 1983 | ||
| 650 | 0 | |a Administración de empresas |9 260833 | |
| 650 | 0 | |a Planificación estratégica |9 259735 | |
| 650 | 7 | |a ESTRUCTURA ADMINISTRATIVA |2 CL-VaPUC |9 268757 | |
| 650 | 0 | |a Recursos humanos |9 228420 | |
| 650 | 7 | |a PROCESOS DE DIRECCION |2 CL-VaPUC |9 411553 | |
| 650 | 0 | |a Análisis de la información |9 306986 | |
| 583 | |a last modification |c 19980613 00:00:00 |k Rodrigo Vera | ||
| 999 | |c 270450 |d 270448 | ||
| 952 | |0 0 |1 0 |4 0 |6 658_403000000000000_STO_1983 |7 0 |8 A |9 304751 |a BIBGIM |b BIBGIM |d 2019-11-20 |i 1415220 |o 658.403 STO 1983 |p 1415220 |r 2025-01-15 |w 2019-11-20 |y BK |k COM | ||